Quran Primer (Record no. 3444)

MARC details
000 -LEADER
fixed length control field 00667nam a2200241 a 4500
020 ## - INTERNATIONAL STANDARD BOOK NUMBER
ISBN
082 00 - DEWEY DECIMAL CLASSIFICATION NUMBER
Classification number 297.12207
Author Cutter ILA
100 ## - MAIN ENTRY--AUTHOR NAME
Author name Ilahi, Mohammad Manzur
245 ## - TITLE STATEMENT
Title Quran Primer
260 ## - PUBLICATION, DISTRIBUTION, ETC. (IMPRINT)
Place of publication Lahore
Name of publisher Darul Kutub Islamia
Year of publication 0000
300 ## - PHYSICAL DESCRIPTION
Number of Pages 29p.
500 ## - GENERAL NOTE
General note includes index and biblioraphy
505 2# - FORMATTED CONTENTS NOTE
Formatted contents note also contains nishan-e-asmani, asmani faisla siraj-e-munir and risala tuhfa-e-baghdad.
650 ## - SUBJECT ADDED ENTRY--TOPICAL TERM
Topical Term Quran-Study and Teaching
942 ## - ADDED ENTRY ELEMENTS (KOHA)
Koha item type Books
700 1# -
-- Ilahi, Mohammad Manzur
Holdings
Collection code Home library Current library Date acquired Cost, normal purchase price Full call number Accession Number Koha item type
  Henry Martyn Institute Library Henry Martyn Institute Library 07/30/2007 100.00 297.12207 ILA 06469 Books
                   Copyright © 2026 | Henry Martyn Institute | Hyderabad | TS-500052 | INDIA | Implemented by hmi.edu.in
Hit-Count:

Powered by Koha